| 000 | 00750nam a2200181 a 4500 | ||
|---|---|---|---|
| 008 | 080924s2007 ||||||||||||||||| || u | ||
| 050 | _aIBRD(08)PRWP/4259 | ||
| 100 | _aAhsan, Ahmad | ||
| 245 | 1 | 0 | _aAre all labor regulations equal?: assessing the effects of job security, labor dipute, and contract labor laws in India |
| 260 |
_aWashington, D. C. _bWorld Bank _c2007 |
||
| 300 | _a50p. :ill. | ||
| 350 | _a0.00 | ||
| 650 | _aLABOR DISPUTE RESOLUTION--RESEARCH | ||
| 650 | _aCONTRACT LABOR--RESEARCH | ||
| 650 | _aJOB SECURITY--RESEARCH | ||
| 700 | _aPages, Carmen | ||
| 995 |
_D0.00 _FCBU-MAIN LIBRARY (Kitwe) _H1 _I0.00 _M1 _UAVAILABLE _WSep 24, 2008 _ZInternational Publications |
||
| 999 |
_c34815 _d34815 |
||